00794nam a22002175a 450000500170000000800410001702000180005804000380007608200210011424500540013526000450018930000330023450400410026765000320030865100100034065300230035070000320037394200080040599900170041395201460043020161010120647.0161010t2015 njua frb 000 0 eng d a9781632420954 aEG-ScBUEbengcEG-ScBUEdEG-ScBUE04a617.643bCON22200aContemporary orthodontics /cedited by Kaley Ann. aNew Jersey :bFoster Academics,cc.2015. avi, 352 p. :bill. ;c24 cm. aIncludes bibliographical references. 7aOrthodontics.2BUEsh941372 2BUEsh bDDentcOctober20161 aAnn, Kaley,eeditor.941390 2ddc c22478d22450 00102ddc40708MustakbalaMAINbMAINc1STd2016-10-10ePurchaseg1540.00h0292l0o617.643 CONp000033909r2025-07-15 00:00:00v1925.00yBB